000 00347 a2200157 4500
001 75268
020 _a9788508172726
040 _cAnchieta - Colégio São Paulo
100 _aDante, Luiz Roberto
240 1 0 _aProjeto teláris:
_lpor
245 1 0 _aProjeto teláris:
300 _a360
362 0 _a2015
650 4 _aMatemática
942 _cBK
999 _c75268
_d75268